Estrategias para la lectura comprensiva : un abordaje al discurso científico-pedagógico /
Guardado en:
| Autor Principal: | |
|---|---|
| Otros Autores: | , , |
| Formato: | Libro |
| Publicado: |
Bahía Blanca :
Universidad Nacional del Sur,
2005
|
| Series: | Articulación
|
| Materias: | |
| Etiquetas: |
Agregar Etiqueta
Sin Etiquetas, Sea el primero en etiquetar este registro!
|
| LEADER | 00779nam a22002175a 4500 | ||
|---|---|---|---|
| 001 | CEM.cems012438 | ||
| 005 | 20070412134400.0 | ||
| 008 | 130507s2005##################000#0#####d | ||
| 003 | CEMS | ||
| 082 | 0 | 4 | |a 372.47 |
| 100 | 1 | |a Castro Fox, Guillermina | |
| 245 | 1 | 0 | |a Estrategias para la lectura comprensiva : |b un abordaje al discurso científico-pedagógico / |c Guillermina Castro Fox ; nora González ; claudia Monti ; daniela Palmucci |
| 260 | |a Bahía Blanca : |b Universidad Nacional del Sur, |c 2005 | ||
| 300 | |a 150 p. | ||
| 490 | 0 | |a Articulación | |
| 653 | |a Lectura comprensiva | ||
| 653 | |a Lectura comprensiva-estrategias | ||
| 700 | 1 | |a González, Nora | |
| 700 | 1 | |a Monti, Claudia | |
| 700 | 1 | |a Palmucci, Daniela | |
| 859 | |a CEMS |b BIB. CEMS - 11 de abril |h 372.47 |i C279 |p 23442.06 |t Ej.1 | ||
